| 000 | 00504nam a2200193Ia 4500 | ||
|---|---|---|---|
| 005 | 20140405101200.0 | ||
| 008 | 140130s9999 xx 000 0 und d | ||
| 020 | _a059063254x | ||
| 050 |
_aQC 173.6 _b.St814 1998 |
||
| 100 |
_aSteele, Philip _930467 |
||
| 245 |
_cPhilip Steele. _aBlack holes : _bspace phenomena / |
||
| 260 |
_bScholastic, _aUSA : _c1998. |
||
| 300 |
_a40 p. : _bcol. ill. ; _c28 cm. |
||
| 440 |
_v1 _931174 |
||
| 521 | _aG8 | ||
| 526 | _c910 | ||
| 942 |
_cBK _2lcc |
||
| 999 |
_c41275 _d41275 |
||